A concise history of the Spanish Civil War / (Record no. 59915)
[ view plain ]
| 000 -LEADER | |
|---|---|
| fixed length control field | 00753nam a2200241 a 4500 |
| 001 - CONTROL NUMBER | |
| control field | 59915 |
| 003 - CONTROL NUMBER IDENTIFIER | |
| rucl marc code | BD-RjUL |
| 005 - DATE AND TIME OF LATEST TRANSACTION | |
| control field | 20211209080800.0 |
| 008 - FIXED-LENGTH DATA ELEMENTS--GENERAL INFORMATION | |
| fixed length control field | 880808t19861980nyuabc b 001 0 eng d |
| 020 ## - INTERNATIONAL STANDARD BOOK NUMBER | |
| International Standard Book Number | 0500271801 |
| 035 ## - SYSTEM CONTROL NUMBER | |
| System control number | (BD-RjUL) 60039 |
| 040 ## - CATALOGING SOURCE | |
| Original cataloging agency | WLU |
| Transcribing agency | WLU |
| Modifying agency | m.c |
| -- | OCL |
| -- | EUE |
| -- | BD-RjUL |
| Language of cataloging | eng |
| 041 ## - LANGUAGE CODE | |
| Language code of text/sound track or separate title | eng |
| 082 ## - DEWEY DECIMAL CLASSIFICATION NUMBER | |
| Edition number | 23 |
| Classification number | 946.081 |
| Author mark and year | JAC 1986 |
| 100 1# - MAIN ENTRY--PERSONAL NAME | |
| Personal name | Jackson, Gabriel. |
| 9 (RLIN) | 178229 |
| 245 12 - TITLE STATEMENT | |
| Title | A concise history of the Spanish Civil War / |
| Statement of responsibility, etc. | Gabriel Jackson. |
| 250 ## - EDITION STATEMENT | |
| Edition statement | 1st pbk. ed. |
| 260 ## - PUBLICATION, DISTRIBUTION, ETC. (IMPRINT) | |
| Place of publication, distribution, etc. | London : |
| Name of publisher, distributor, etc. | Thames and Hudson, |
| Date of publication, distribution, etc. | 1980 [Reprinted 1986 |
| 300 ## - PHYSICAL DESCRIPTION | |
| Pagination | 192 p. : |
| Illustrations | ill.. ; |
| Size | 24 cm. |
| 504 ## - BIBLIOGRAPHY, ETC. NOTE | |
| Bibliography, etc | Includes bibliography (p. 183-185) and index. |
| 651 #0 - SUBJECT ADDED ENTRY--GEOGRAPHIC NAME | |
| Geographic name | Spain |
| General subdivision | History |
| Chronological subdivision | Civil War, 1936-1939. |
| 9 (RLIN) | 178230 |
| 942 ## - ADDED ENTRY ELEMENTS (KOHA) | |
| Source of classification or shelving scheme | Dewey Decimal Classification |
| Koha item type | Books |
| Lost status | Source of classification or shelving scheme | Damaged status | Not for loan | Collection code | Permanent Location | Current Location | Shelving location | Date acquired | Source of acquisition | Cost, normal purchase price | Total Checkouts | Full call number | Date last seen | Copy number | Koha item type |
|---|---|---|---|---|---|---|---|---|---|---|---|---|---|---|---|
| Dewey Decimal Classification | Not For Loan | Non-fiction | Central Library, University of Rajshahi | Central Library, University of Rajshahi | Reading Room | 19/07/1988 | Main bra. | 4.95 | 946.081 JAC 1986 | 27/12/2016 | C-1 | Books |